Mapa de serveis i indicadors d'habitatge de la província de Barcelona : anuari 2010 anuari 2010
ISBN:
978-84-9803-474-5
Publicado:
Barcelona :
Diputació de Barcelona. Àrea de Territori i Sostenibilitat. Gerència de Serveis d'Habitatge, Urbanisme i Activitats ,
2012
Descripción Física:
206 p. : map., gràf. ; 24 cm
Colección:
Estudis. Territori ; 10
MARC
| LEADER | 00000nam a2200000Ia 4500 | ||
|---|---|---|---|
| 001 | 23448 | ||
| 008 | 160829s2012 xx 000 0 cat d | ||
| 020 | |a 978-84-9803-474-5 | ||
| 080 | |a M-6-429 | ||
| 245 | |a Mapa de serveis i indicadors d'habitatge de la província de Barcelona : |b anuari 2010 | ||
| 260 | |a Barcelona : |b Diputació de Barcelona. Àrea de Territori i Sostenibilitat. Gerència de Serveis d'Habitatge, Urbanisme i Activitats, |c 2012 | ||
| 300 | |a 206 p. : |b map., gràf. ; |c 24 cm | ||
| 490 | |a Estudis. Territori ; 10 | ||
| 590 | |a A la coberta: Observatori Local d'Habitatge | ||
| 650 | 0 | |a Habitatge |z Barcelona (Catalunya : Província) |9 47931 | |
| 901 | |a Arxiu | ||
| 942 | |n 1 | ||
| 952 | |0 0 |1 0 |4 0 |6 M6429 |7 1 |9 54210 |a Arxiu |b Arxiu |d 2012-06-13 |l 0 |o M-6-429 |p 23448 |r 2016-12-01 00:00:00 |w 2016-12-01 |y ARXIU | ||
| 999 | |c 58079 |d 58079 | ||